Datum a čas kvízu
30
Celkem bodů
Celkový počet nahraných bodů na tomto kvízu bez doplňovacích otázek.
2.
Pořadí na kvízu
Konečné umístění týmu na tomto kvízu.
Zaznamenané odpovědi
| # | Otázka | Odpověď | Body | Výsledky |
|---|---|---|---|---|
| 1. | Napište čtyři slova, jimiž něk... | Společnost pro podporu Ukrajiny | 1 | |
| 2. | Která velká evropská země schv... | Francie | 1 | |
| 3. | TV Prima minulý týden představ... | Asia Express | 1 | |
| 4. | Tato 40letá žena se jmenuje Le... | Zoo Praha | 1 | |
| 5. | Ve kterém evropském státě nabí... | ve Španělsku | 1 | |
| 6. | Na obrázku níže můžete vidět d... | Drákula a Frankenstein | 0 | |
| 7. | Co by to bylo za hororové téma... | D | 0 | |
| 8. | Ze které (převážně videoherní)... | Silent Hill | 0 | |
| 9. | Přiřaďte herce a herečky k jej... | 1B 2D 3A 4C | 0 | |
| 10. | Čím je inspirován česko-americ... | D | 0 |